| 000 | 00874nam a22002655a 4500 | ||
|---|---|---|---|
| 006 | a||||f ||z| 00| 0 | ||
| 008 | 110630t2004 ii a|||fr||| 001 0 eng dd | ||
| 020 | _a8120324773 | ||
| 020 | _a9788120324770 | ||
| 040 |
_aEG-ScBUE _beng _cEG-ScBUE |
||
| 082 |
_a005.72 _bMIC _222 |
||
| 245 | 0 | 0 |
_aMicrosoft Office Frontpage 2003 / _cOnline Training Solutions, Inc. |
| 260 |
_aNew Delhi : _bPrentice Hall of India, _cc.2004. |
||
| 300 |
_a311 p. _bill. ; _c24 cm. + _e1 CD-ROM (4 3/4 in.) |
||
| 500 | _aIndex : p. 297-311. | ||
| 500 | _aGlossary : p. 289-296. | ||
| 590 | _ayassmeen ashraf | ||
| 650 |
_aWeb publishing. _926043 _2BUEsh |
||
| 650 |
_aWeb sites _xDesign. _926044 _2BUEsh |
||
| 650 |
_aMicrosoft FrontPage. _926045 _2BUEsh |
||
| 651 | _2BUEsh | ||
| 653 |
_bCOMSCI _cAugust2015 |
||
| 700 |
_aOnline Training Solutions (Firm) _926046 |
||
| 942 |
_cBB _k005.72 MIC _2ddc |
||
| 999 |
_c531 _d531 |
||